Zabezpečovací prevod práva vs. záložné právo z pohľadu podnikateľskej praxe bakalárska práca

Salvato in:
Dettagli Bibliografici
Autore principale: Bubenková, Denisa
Enti autori: Ekonomická univerzita v Bratislave. Národohospodárska fakulta, Univerzita Komenského v Bratislave. Právnická fakulta
Altri autori: Križan, Martin
Natura: Libro
Lingua:slovacco
Pubblicazione: Bratislava 2018
Tags: Aggiungi Tag
Nessun Tag, puoi essere il primo ad aggiungerne!!

MARC

LEADER 00000nbm a2200000 4500
001 0245955
005 20200113133457.0
041 0 |a slo 
044 |a SK 
245 1 0 |a Zabezpečovací prevod práva vs. záložné právo z pohľadu podnikateľskej praxe  |b bakalárska práca  |c Denisa Bubenková ; školiteľ: Martin Križan 
264 1 |a Bratislava  |c 2018 
300 |a 37 s. 
100 1 |a Bubenková, Denisa 
700 1 |a Križan, Martin 
710 2 |a Ekonomická univerzita v Bratislave. Národohospodárska fakulta 
710 2 |a Univerzita Komenského v Bratislave. Právnická fakulta